LEADER 00771nam0-22002771i-450- 001 990005576650403321 005 20060901115805.0 035 $a000557665 035 $aFED01000557665 035 $a(Aleph)000557665FED01 035 $a000557665 100 $a19990604d1977----km-y0itay50------ba 101 0 $aita 105 $aa-------00--- 200 1 $aSICOF '77$e19-27 marzo 1977$fSezione culturale diretta da Lanfranco Colombo 210 $aMilano$cGexpo$dc1977 215 $a177 p.$cill.$d21 cm 676 $a779$v21$zita 702 1$aColombo,$bLanfranco$f<1924- > 801 0$aIT$bUNINA$gRICA$2UNIMARC 901 $aBK 912 $a990005576650403321 952 $a779 SIC 1$bST.ARTE 13955$fFLFBC 959 $aFLFBC 996 $aSICOF '77$9607605 997 $aUNINA LEADER 00930nam0-2200301---450- 001 990009761890403321 005 20130918142449.0 010 $a88-222-4771-X 035 $a000976189 035 $aFED01000976189 035 $a(Aleph)000976189FED01 035 $a000976189 100 $a20130918d1999----km-y0itay50------ba 101 0 $aita 102 $aIT 105 $aa---c---001yy 200 1 $aLeon Battista Alberti$earchitettura e cultura$eatti del Convegno internazionale, Mantova, 16-19 novembre 1994 210 $aFirenze$cLeo S. Olschki$d1999 215 $aXII, 386 p.$cill.$d24 cm 225 1 $aAccademia nazionale Virgiliana di scienze lettere ed arti$iMiscellanea$v7 712 02$aAccademia nazionale Virgiliana 801 0$aIT$bUNINA$gRICA$2UNIMARC 901 $aBK 912 $a990009761890403321 952 $a08.016$b3743$fDARST 959 $aDARST 996 $aLeon Battista Alberti$9213579 997 $aUNINA